| 000 | 00502nam a22001817a 4500 | ||
|---|---|---|---|
| 005 | 20260604155432.0 | ||
| 008 | 260604b |||||||| |||| 00| 0 eng d | ||
| 020 |
_a9788199217805 _c1550.00 |
||
| 040 | _aMAIN | ||
| 041 | _aEnglish | ||
| 082 |
_a519.5 _bIHA |
||
| 100 |
_aIhaka, George Rose _926070 |
||
| 245 | _aUnderstanding And Applying Basic Statistical Methods Using R. | ||
| 260 |
_aNew Delhi _bBlackwell Press _c2026 |
||
| 300 | _a308 | ||
| 650 |
_aManagement (PM USHA) _927020 |
||
| 942 | _cBK | ||
| 999 |
_c61024 _d61024 |
||